000 00462pab a2200169 454500
008 180718b2005 xxu||||| |||| 00| 0 eng d
100 _aBalgir, R.S.
245 _aGenetic diversity with respect to ABO and rhesus blood groups in fifteen major scheduled tirbes of Orissa
260 _c2005
300 _ap.195-207.
362 _aJul-Dec
650 _aTribes - India - Orissa
650 _aTribes
773 _aMan in India
908 _aN
909 _a73647
999 _c73647
_d73647